01830nam a2200481 i 450000100060000000300080000600500170001400600190003100700150005000800410006502000180010602000270012403500230015103500240017403500250019803500210022304000310024405000220027508000080029708200140030510000260031924501550034525000230050026400470052330000410057033600310061133700330064233800430067549000350071850000230075350400290077658801250080559001590093065000260108965000220111565000160113765000340115365500270118779700190121483000360123385600620126999900170133143337FlNmELB20241216222122.0m o d | cr cnu||||||||170406s2015 ag ob 001 0 spa d z9789506418731 a9789506418908 (e-book) a(MiAaPQ)EBC4776426 a(Au-PeEL)EBL4776426 a(CaPaEBR)ebr11323054 a(OCoLC)992022687 aFINmELBbspaerdacFINmELB 4aHF5549bA434 2015 a6580 a658.32231 aAlles, Martha Alicia.10aDiccionario de preguntas.nTomo 3,pLas preguntas para evaluar las competencias más utilizadas en gestión por competencias /cMartha Alicia Alles. aSegunda edición. 1aBuenos Aires :bEdiciones Granica,c[2015] a1 recurso en línea (289 páginas) atextobtxt2rdacontent/spa acomputadorabc2rdamedia/spa arecurso en líneabcr2rdacarrier/spa1 aColección la trilogía ;v3 aContiene índice. aContiene bibliografía. aDescripción basada en recurso en línea; Título de la página del título en PDF (e-libro, visto April 06, 2017). aRecurso electronico. Santa Fe, Arg. : e-libro, 2016. Disponible via World Wide Web. El acceso puede ser limitado para las bibliotecas afiliadas a e-libro. 0aPersonnel management. 4aRecursos humanos. 0aManagement. 4aAdministración de empresas. 4aLibros electrónicos.2 ae-libro, Corp. 0aColección la trilogía ;v3.40uhttps://elibro.net/ereader/politecnicointernacional/66791 c43337d43337